1475 1560 1573 1974 1427 1115 1991 1413 1393 1772 1476 1669 1523 1223 1296 1310 1143 1652 1706 1849 1386 1586 1720 1435 1405 1916 1263 1188 1310 1316 1475 1378 1497 1335 1656 1335 1147 1419 1921 1981 1061 1207 1480 1111 1808 1397 1055 1902 1806 1755 1420 1505 1010 1436 1779 1256 1312 1166 1861 1583 1706 1952 1757 1312 1090 1024 1157 1078 1454 1098 1931 1073 1820 1035 1517 1348 1600 1984 1152 1919 1363 1753 1473 1688 1346 1160 1140 1520 1474 1640 1174 1214 1287 1129 1493 1682 1992 1376 1267 BCNSPRNW ULIB Ver.6.0+V

เปลี่ยนเป็นภาษาไทย

Change to English
 แสดงรายละเอียดบรรณานุกรม
  กลับหน้าหลัก

Brief Record : Get Marc (ISO 2709) : E-mail record : QR code < ปิดหน้าต่าง
LEADER : 00000nam 2200000uu 4500
001    13399122572
003     ULIB
008    130731s||||||||th 000 0 tha d
050  4 ^aBQ5618^bบ126
100 0^ a
245 10 ^aบทสวดมนต์ /^c
260    ^aกรุงเทพฯ :^bแอคมี พริ้นติ้ง,^c[2552?]
300    ^a320 หน้า ;^c22 ซม.
650  4 ^aบทสวดมนต์
650  4 ^aพุทธศาสนา^vบทสวดมนต์
945    ^p0^l0^i033737
999    ^aเกษร โพธิ์สุวรรณ
รายการนี้ยังไม่มีแท็ก
คุณยังไม่ได้ล็อกอิน คุณสามารถมีกิจกรรมร่วมกับเว็บไซต์ได้ แต่ต้องล็อกอินก่อน ::
  ล็อกอิน

รายการสื่อสารสนเทศ

ลำดับที่ ประเภท เลขเรียก/บาร์โค้ด สถานที่ สถานะ
1. การศึกษาทั่วไป
การศึกษาทั่วไป
BQ5618 บ126  
  Barcode: 033737
ห้องสมุดวิทยาเขตสวรรค์ประชารักษ์
►หนังสือทั่วไป
บนชั้น

รายการใกล้เคียง
    ชื่อเรื่อง [บทสวดมนต์ /]

    ผู้แต่ง [a]

    หัวเรื่อง [บทสวดมนต์]

BibComment


ยังไม่เคยถูกคอมเมนท์

คอมเมนท์ทรัพยากรรายการนี้
  คอมเมนท์: บทสวดมนต์


 Copyright 2026. Bcnsprnw @Library